Guerra y religión en el mundo antiguo

Wedi'i Gadw mewn:
Manylion Llyfryddiaeth
Prif Awduron: Vidal, Jordi (Awdur), Antela, Borja (Awdur)
Fformat: Llyfr
Iaith:Sbaeneg
Cyhoeddwyd: Zaragoza Libros Pórtico 2015
Rhifyn:1a. ed
Pynciau:
Tagiau: Ychwanegu Tag
Dim Tagiau, Byddwch y cyntaf i dagio'r cofnod hwn!

MARC

LEADER 00000cam a2200000 a 4500
001 UCC0103
003 CL-VaPUC
008 170721e20150000sp |||||||||||||||||spa|d
020 |a 9788479561451 
082 0 4 |a 355.409014  |b VID  |2 21 
100 0 |a Vidal, Jordi  |e author  |9 594021 
700 0 |a Antela, Borja  |e author  |9 594022 
245 1 0 |a Guerra y religión en el mundo antiguo 
250 |a 1a. ed 
300 |a 157 p 
942 |c BK 
945 |d 20170721 23:47:00  |a dcastane 
260 |a Zaragoza  |b Libros Pórtico  |c 2015 
650 0 |a Historia militar  |9 268297 
650 0 |a Guerras  |9 255273 
650 0 |a Arte militar   |9 440861 
583 |a last modification  |c 20170721 23:47:00  |k Rodrigo Vera 
999 |c 369051  |d 369049 
952 |0 0  |1 0  |3 erb  |4 0  |6 355_409014000000000_VID_2015  |7 0  |8 A  |9 484587  |a BIBHIS  |b BIBHIS  |i 5409365  |o 355.409014 VID 2015  |p 5409365  |r 2025-01-20  |w 2019-11-24  |y BK  |z Catalogado en:20170721  |k HIS